UBT Library

Explorations into constitutional economics / (Record no. 42628)

000 -LEADER
fixed length control field 00673pam a2200217 a 4500
001 - CONTROL NUMBER
control field 4801531
005 - DATE AND TIME OF LATEST TRANSACTION
control field 20180215050555.0
008 - FIXED-LENGTH DATA ELEMENTS--GENERAL INFORMATION
fixed length control field 880525s1989 txua b s001 0 eng
010 ## - LIBRARY OF CONGRESS CONTROL NUMBER
LC control number 88016082
020 ## - INTERNATIONAL STANDARD BOOK NUMBER
International Standard Book Number 0890963258 (alk. paper) :
Terms of availability $48.50
040 ## - CATALOGING SOURCE
Original cataloging agency DLC
Transcribing agency DLC
Modifying agency DLC
041 ## - LANGUAGE CODE
Language code of text/sound track or separate title eng
080 ## - UNIVERSAL DECIMAL CLASSIFICATION NUMBER
Universal Decimal Classification number 302.13 jam
082 00 - DEWEY DECIMAL CLASSIFICATION NUMBER
Classification number 302.13 jam
Edition number 19
100 1# - Rafti
Rafti 52
101 ## - Shkurtesa
Shkurtesa eco
245 10 - TITLE STATEMENT
Title Explorations into constitutional economics /
Statement of responsibility, etc James M. Buchanan ; compiled and with a preface by Robert D. Tollison and Viktor J. Vanberg.
504 ## - BIBLIOGRAPHY, ETC. NOTE
Bibliography, etc Includes bibliographices and index.
906 ## - LOCAL DATA ELEMENT F, LDF (RLIN)
a 7
b cbc
c orignew
d 1
e ocip
f 19
g y-gencatlg
942 ## - ADDED ENTRY ELEMENTS (KOHA)
Source of classification or shelving scheme
Item type Books
Holdings
Withdrawn status Lost status Source of classification or shelving scheme Damaged status Not for loan Collection code Permanent location Current location Shelving location Date acquired Total Checkouts Full call number Barcode Date last seen Price effective from Koha item type
          Koleksioni i përgjithshem UBT - Lipjan UBT - Lipjan Koleksioni i përgjithshem 02/15/2018   302.13 jam 002-2998227 02/15/2018 02/15/2018 Books
UBT Library © 2015-2024. All rights reserved University Education for Business and Technology